Powiaty w Polsce na literę B - Statystyki

Ogólne statystyki
  • Ten quiz został rozwiązany 87 razy
  • Średni wynik to 20 z 26
Statystyki odpowiedzi
Odpowiedź % Poprawnych
bielski
100%
Bytom
90%
białostocki
87%
brzeski
87%
bialski
85%
Bielsko Biała
85%
będziński
82%
Białystok
82%
biłgorajski
82%
bydgoski
82%
bytowski
82%
bartoszycki
79%
Bydgoszcz
77%
Biała Podlaska
75%
bocheński
74%
braniewski
74%
bełchatowski
72%
białogardzki
70%
białobrzeski
69%
bolesławiecki
69%
brodnicki
69%
buski
67%
bieruńsko lędziński
62%
brzeziński
62%
brzozowski
62%
bieszczadzki
59%
Nie znaleziono quizów pasujących do podanych kryteriów
Rozkład punktacji
Procent ludzi z każdym wynikiem
Percentyl według liczby udzielonych odpowiedzi
Twoja historia wyników
Nie rozwiązałeś tego quizu